000 00424nam a2200157Ia 4500
008 230312s9999||||xx |||||||||||||| ||und||
020 _a81-318-0063-6
082 _a537.5
_bSAL-A
100 _aSalvia,Vijay.Kumar
245 0 _aAntenna and Wave Propagation
260 _bLaxmi Publications
_aIndia
_c2007
300 _a157
546 _aEng.
650 _aEngineering
_vAntenna and Radiations,antenna and arrays
942 _cBK
999 _c1782
_d1782